UEFA Euro 2020 Host Cities - Statistics

General Stats
  • This quiz has been taken 393 times
  • The average score is 11 of 13
Answer Stats
Country City % Correct
Netherlands Amsterdam
97%
United Kingdom London
96%
Italy Rome
94%
Ireland Dublin
91%
Germany Munich
91%
Denmark Copenhagen
87%
Belgium Brussels
85%
Hungary Budapest
85%
Russia Saint Petersburg
81%
Azerbaijan Baku
79%
Romania Bucharest
74%
United Kingdom Glasgow
67%
Spain Bilbao
60%
No matching quizzes found
Score Distribution
Percent of People with Each Score
Percentile by Number Answered
Your Score History
You have not taken this quiz